Quick Pick: I before E Quiz Stats

 Plays Quiz Updated May 9, 2019

Score 0/10 Timer 00:15
0 Plays Today
% Correct
Achieve
90.8%
Cashier
89.1%
Chief
88.6%
Believe
87.1%
Field
77.9%
Tier
63%
Shriek
59.8%
Relieved
57.1%
Grief
53.5%
Yield
46.9%

Today's Daily Dose

You're not logged in!

Compare scores with friends on all Sporcle quizzes.
OR
Log In

Sporcle TV

Today on Sporcle TV


Watch our educational content, quiz creation guides, and fun videos on Sporcle TV.

Show Comments

Extras

Top Quizzes Today


Score Distribution

Your Account Isn't Verified!

In order to create a playlist on Sporcle, you need to verify the email address you used during registration. Go to your Sporcle Settings to finish the process.

Report this User

Report this user for behavior that violates our Community Guidelines.

Details: